Estudios en labiatae de Colombia V: nuevo nombre para Scutellaria Leptosiphon Epling, planta redescubierta en la cordillera oriental de Colombia (Registro nro. 16322)

Detalles MARC
000 -CABECERA
Campo de control 006980000a22001810004500
090 ## - CLASIFICACIÓN LOCAL
Colección Seriadas
044 ## - PAÍS DE PUBLICACIÓN
País de publicación
041 0# - IDIOMA
Código de idioma para texto/pista de sonido o título separado
100 1# - ASIENTO PRINCIPAL--NOMBRE PERSONAL
Nombre personal Fernández Alonso, José Luis
245 10 - MENCION DE TITULO
Título Estudios en labiatae de Colombia V: nuevo nombre para Scutellaria Leptosiphon Epling, planta redescubierta en la cordillera oriental de Colombia
651 #4 - ASIENTO SECUNDARIO DE MATERIA - NOMBRE GEOGRAFICO
-- Colombia
-- Cordillera Oriental
653 ## - TERMINO DE INDIZACION - NO CONTROLADO
-- Scutellaria
773 1# - Item fuente:
Título Revista de la Academia Colombiana de ciencias exactas, físicas y naturales
Descripción física 112
Paginas del Articulo 320-324
Lugar, editorial y fecha de publicación 2005
Información sobre la relación 29
942 ## - ELEMENTOS ADICIONALES (KOHA)
Tipo de ítem Artículo

No hay ítems disponibles.